Costa Rica en el centenario de Azul... / texto integro de Azul de Rubén Darío

में बचाया:
ग्रंथसूची विवरण
मुख्य लेखकों: Gutiérrez Núñez, Pedro Rafael 1930- (compilador), Malavassi Vargas, José Guillermo (seleccionador)
स्वरूप: अज्ञात
भाषा:Spanish
प्रकाशित: San José, Costa Rica Universidad Autónoma de Centro América 1988
विषय:
टैग: टैग जोड़ें
कोई टैग नहीं, इस रिकॉर्ड को टैग करने वाले पहले व्यक्ति बनें!

MARC

LEADER 000000000a22000000004500
001 002005
008 200115b xxu||||| |||| 00| 0 spa d
020 |a 9977630542 
041 0 |a español 
082 |a N861.3D  |b D218c 
100 1 |a Gutiérrez Núñez, Pedro Rafael   |d 1930-   |e compilador 
100 1 |a Malavassi Vargas, José Guillermo   |e seleccionador 
245 1 0 |a Costa Rica en el centenario de Azul... /  |b texto integro de Azul de Rubén Darío 
260 1 |a San José, Costa Rica   |b Universidad Autónoma de Centro América   |c 1988 
300 |a 288 páginas   |b ilustraciones 
600 4 |a DARIO, RUBEN, SEUDONIMO, 1867-1916  |9 61 
650 4 |a AZUL 
942 |2 ddc  |c BK 
999 |c 2886  |d 2886